Leviathan or the matter, forme and power of a commonwealth ecclesiasticall and civil

Kaydedildi:
Detaylı Bibliyografya
Yazar: Hobbes, Thomas (Yazar)
Materyal Türü: Kitap
Dil:İngilizce
Baskı/Yayın Bilgisi: Oxford Basil Blackwell 1955
Seri Bilgileri:Blackwell's Political Texts
Konular:
Etiketler: Etiketle
Etiket eklenmemiş, İlk siz ekleyin!

MARC

LEADER 00000nam a2200000 a 4500
001 UCZ3253
003 CL-VaPUC
008 951020e19550000UK |||||||||||||||||eng|d
082 0 4 |a 320.101  |b HOB  |2 21 
100 |a Hobbes, Thomas  |e author  |9 223165 
245 1 0 |a Leviathan or the matter, forme and power of a commonwealth ecclesiasticall and civil 
300 |a 468 p 
942 |c BK 
945 |d 19951020 00:00:00  |a cmena 
260 |a Oxford  |b Basil Blackwell  |c 1955 
650 0 |a Ciencias Políticas  |9 255201 
650 0 |a Doctrinas políticas  |9 255835 
650 0 |a Estado  |9 255503 
650 7 |a FILOSOFIA POLITICA  |2 CL-VaPUC  |9 347050 
650 0 |a Derechos humanos  |9 223025 
650 0 |a Iglesia   |9 255004 
583 |a last modification  |c 19951020 00:00:00  |k Rodrigo Vera 
490 0 |a Blackwell's Political Texts 
999 |c 239744  |d 239742 
952 |0 0  |1 0  |4 0  |6 320_101000000000000_HOB_1955  |7 0  |8 P  |9 251122  |a BIBEDU  |b BIBEDU  |c BIBEDU_PB  |d 2019-11-18  |i 1584723  |o 320.101 HOB 1955  |p 1584723  |r 2024-01-25  |w 2019-11-18  |y BK  |k FIL